| 000 | 01107nam a2200301 i 4500 | ||
|---|---|---|---|
| 001 | 000035948 | ||
| 003 | DO-SdBNP | ||
| 005 | 20250127092314.0 | ||
| 007 | ta | ||
| 008 | 111121s1971 dr c 000 0 spa d | ||
| 040 |
_aDO-SdBNP _bspa _cBNPHU _erda |
||
| 041 | _aspa | ||
| 082 | 4 |
_a780.7293 _bR696m _222 |
|
| 100 | 1 |
_aRodríguez Demorizi, Emilio, _d1908-1986 _91039 |
|
| 245 | 1 | 0 |
_aMúsica y baile en Santo Domingo / _cEmilio Rodríguez Demorizi ; prólogo, Enrique de Marchena Dujarric. |
| 264 | 1 |
_aSanto Domingo, Republica Dominicana : _bLibrería Hispaniola, Editora, _c1971. |
|
| 300 |
_a227 páginas : _c20 cm. |
||
| 336 |
_atexto _btxt _2rdacontent |
||
| 337 |
_asin mediación _bn _2rdamedia |
||
| 338 |
_avolumen _bnc _2rdacarrier |
||
| 490 | 0 |
_aPensamiento Dominicano ; _v48 |
|
| 590 | _aInventariado, 2020 / DG | ||
| 650 | 4 |
_aMúsica _92775 _zRepública Dominicana |
|
| 650 | 4 |
_aDanzas populares y nacionales dominicanas _979371 |
|
| 700 | 1 |
_aMarchena Dujarric, Enrique de, _4pr. _eprologuista _928235 |
|
| 910 | _aInventariado, 2020 / DG. Validado. Control de calidad/MAA | ||
| 942 |
_2ddc _cLBS1 |
||
| 999 |
_c35439 _d35439 |
||